000 00548nam 2200193 4500
001 198872
021 _aPT
_b35286/90
090 _a198872
100 _a20250121d u||y0pory50 ba
200 _aCaminho
_fJosemaría Escrivá
205 _a17ª
210 _aLisboa
_cPrumo ; Rei dos Livros
_d1990
215 _a355 p.
_cencadernado
_d22 cm
606 _95487
_aCristianismo. Igrejas e denominações Cristãs
675 _a27
_vPT
_zpor
700 _910425
_aEscrivá
_bJoseMaría
_f1902 - 1975
801 _aPT
_bBMMN
_gRPC
830 _cAna
_fAna
990 _cLIVROS